000
00281nam a2200109Ia 4500
008
200302s9999 xx 000 0 und d
100
_a
Jonas Lehrman
245
_a
Earthly Paradise Garden and Courtyard in Islam
260
_b
Thames and Hudson Inc.
260
_c
1980
300
_a
240 P.,
999
_c
270
_d
270